000 00857nam a22002297a 4500
999 _c525553
_d525553
003 NUST
005 20191213094259.0
008 190703b ||||| |||| 00| 0 eng d
038 _aIESE
040 _c0
050 _a363.7 SAR
082 _a363.7 SAR
100 _aMaryam Sarfraz
_916456
245 _aContinuation of satellite observations of NO2 over south Asia using ozone monitoring instrument during the time period of 2004-2016
_cMaryam Sarfraz
260 _aIslamabad
_bIESE (SCEE) NUST
_c2019
300 _a57p.
_bH.B
440 _aMS Environmental Science
_91724
500 _aThesis MS ES
650 _aEnvironmental Science
_91725
700 _4Dr. M Fahim Khokhar (Supervisor)
942 _2ddc
_cTHE
_kIESE